000 00746 a2200181 4500
003 Nust
005 20221122103742.0
022 _a87345-285-2
040 _cNust
082 _a621.381,WON
100 _aGlenn A. Wonderly
_9103323
245 _aUnderstanding Solid-Stae Electronics /
_cGlenn A. Wonderly
260 _aUSA
_bMc Knight
_c1971
300 _axiv,210p;
505 _aSolid State Physics (Page-2), Two Element Solid State Devices (Page-24), Audio Amplifier System (Page-114), Radio Waves in Communication (Page-136), Oscillation and Frequency Conversion (Page-156), Intermediate Frequency Amplifier (Page-178), Demodulation and Automatic Gain Control (Page-193).
650 _aTelecommunication Engineering
942 _2ddc
_cBK
999 _c194237
_d194237